| 000 | 00874nam a2200217Ia 4500 | ||
|---|---|---|---|
| 005 | 20250108125012.0 | ||
| 008 | 008 250107s9999 xx 000 0 hin d | ||
| 037 | _aTB | ||
| 040 |
_aCRL _bhin _cCRL |
||
| 041 |
_ahin _2hin |
||
| 084 | _aR4 R1 | ||
| 084 | _qCRL | ||
| 100 | _aसरस्वती, सत्यानन्द, ले. | ||
| 245 | 0 |
_aसूर्य नमस्कार: सूर्य से शक्ति प्राप्त करने की विधि _cसरस्वती, सत्यानन्द, ले. |
|
| 260 |
_aबिहार, भारत _bयोग पब्लिकेशन्स ट्रस्ट _c2959 |
||
| 300 | _a104पृ0 | ||
| 365 |
_aINR _b400 |
||
| 650 | _aआध्यात्मिक अनुभव और रहस्यवाद | ||
| 942 |
_cTB _hR4 R1 |
||
| 999 |
_c1235347 _d1235347 |
||